Alternatívy vývoja európskej integrácie
Enregistré dans:
| Auteur principal: | |
|---|---|
| Collectivité auteur: | |
| Autres auteurs: | , , , , , , , , |
| Format: | Livre |
| Langue: | slovaque |
| Publié: |
Bratislava
Vydavateľstvo EKONÓM
2008
|
| Sujets: | |
| Tags: |
Pas de tags, Soyez le premier à ajouter un tag!
|
MARC
| LEADER | 00000nam$a2200000$$$4500 | ||
|---|---|---|---|
| 001 | 0090310 | ||
| 005 | 20240711084540.1 | ||
| 020 | |a 978-80-225-2657-9 | ||
| 041 | 0 | |a slo | |
| 044 | |a SK | ||
| 245 | 1 | 0 | |a Alternatívy vývoja európskej integrácie |c Peter Baláž ... [et al.] ; recenzenti Víťazoslav Balhar, Peter Zsapka |
| 264 | 1 | |a Bratislava |b Vydavateľstvo EKONÓM |c 2008 | |
| 300 | |a 453 s. | ||
| 610 | 2 | 0 | |a spolupráca hospodárska medzinárodná |
| 610 | 2 | 0 | |a Európska únia |
| 610 | 2 | 0 | |a Európske spoločenstvá |
| 610 | 2 | 0 | |a právo medzinárodné |
| 610 | 2 | 0 | |a politika obchodná |
| 610 | 2 | 0 | |a únie menové |
| 610 | 2 | 0 | |a únie hospodárske |
| 610 | 2 | 0 | |a bezpečnosť európska |
| 610 | 2 | 0 | |a energetika |
| 100 | 1 | |a Baláž, Peter | |
| 700 | 1 | |a Báráňová-Čiderová, Denisa, 1977- | |
| 700 | 1 | |a Kittová, Zuzana, 1975- | |
| 700 | 1 | |a Kosír, Igor | |
| 700 | 1 | |a Liberčan, Adam | |
| 700 | 1 | |a Mattoš, Boris, 1977- | |
| 700 | 1 | |a Silná, Zuzana | |
| 700 | 1 | |a Vetrák, Milan | |
| 700 | 1 | |a Balhar, Víťazoslav | |
| 700 | 1 | |a Zsapka, Peter | |
| 700 | 1 | |a Báráňová-Čiderová, Denisa, 1977- | |
| 700 | 1 | |a Kittová, Zuzana, 1975- | |
| 710 | 2 | |a Ekonomická univerzita v Bratislave. Obchodná fakulta | |